000 00473nam a2200193Ia 4500
005 20240823020402.0
008 240823s9999||||xx |||||||||||||| ||und||
020 _a81-8355-023-1
041 _aENGLISH
082 _A621 P6
100 _aG K Publishers
245 0 _aGATE : MECH Mechanical Engineering 2006
250 _a1st
260 _c2006
_b"G K,"
_aUttar Pradesh
500 _aTRANSFERED
650 _aMechanical
_bMechanical
942 _cBK
999 _c174630
_d174630